000 00720pam a2200217 i 4500
020 _a0137522126
040 _cDLC
082 0 0 _a500 PRE 1975 A032 Or.
100 1 _aWang, Chih Hsing,
245 1 0 _aRadiotracer methodology in the biological, environmental, and physical sciences /
260 _aEnglewood Cliffs, N.J. :
_bPrentice-Hall,
_c[1975]
300 _axv, 480 p. :
_bill. ;
_c24 cm.
490 0 _aPrentice-Hall biological science series.
500 _aPublished in 1965 under title: Radiotracer methodology in biological science.
650 0 _aRadioactivity
650 0 _aRadioactive tracers.
650 0 _aRadiobiology
700 1 _aWillis, David L.,
700 1 _aLoveland, Walter D.,
942 _cEK
999 _c12129
_d12129